[Event "SVM_Regionalliga_2023-24"]
[Site "?"]
[Date "2023.09.03"]
[Round "1.1"]
[White "Karimi, Farhad"]
[Black "Gulbas, Cemil"]
[Result "0-1"]
[WhiteElo "2069"]
[BlackElo "2361"]
[PlyCount "107"]
[EventDate "2023.09.03"]
[WhiteTeam "Satranç Club 1"]
[BlackTeam "DJK Aufwärts Aachen 1"]

1. e4 c5 2. Nf3 e6 3. c4 Nc6 4. Nc3 d6 5. d4 cxd4 6. Nxd4 Nf6 7. Be2 Be7 8. O-O
O-O 9. Be3 Qc7 10. Rc1 Ne5 11. f4 Ned7 12. Bf3 a6 13. Qe2 Re8 14. g4 Nf8 15. g5
N6d7 16. Qf2 b6 17. Nc6 Bb7 18. Nxe7+ Rxe7 19. Rfd1 Rd8 20. b4 Ng6 21. Qd2 Ree8
22. Bf2 Qb8 23. Qxd6 Qc8 24. c5 Nxc5 25. bxc5 Rxd6 26. cxd6 Qd7 27. Ne2 Bc6 28.
Bxb6 Qb7 29. Bf2 e5 30. f5 Nf8 31. Rb1 Qa8 32. Ng3 g6 33. Rb6 gxf5 34. Rc1 fxe4
35. Bh1 Bd5 36. Be3 Rc8 37. Rbb1 Rd8 38. Nf5 Be6 39. Ne7+ Kg7 40. Rb6 Ng6 41.
Nc6 Nf4 42. Bxf4 exf4 43. Bxe4 Rxd6 44. Rb8 Rxc6 45. Rxa8 Rxc1+ 46. Kf2 Rc4 47.
Bb7 Rb4 48. Bxa6 Rb2+ 49. Ke1 f3 50. Bf1 f2+ 51. Kd1 Bg4+ 52. Kc1 Re2 53. Ra4
Re1+ 54. Kd2 0-1

[Event "SVM_Regionalliga_2023-24"]
[Site "?"]
[Date "2023.09.03"]
[Round "1.2"]
[White "Hoffmann, Max"]
[Black "Al Soliman, Osama"]
[Result "1-0"]
[WhiteElo "2169"]
[BlackElo "1931"]
[PlyCount "117"]
[EventDate "2023.09.03"]
[WhiteTeam "DJK Aufwärts Aachen 1"]
[BlackTeam "Satranç Club 1"]

1. Nf3 d5 2. c4 c6 3. g3 Nf6 4. Bg2 Bf5 5. cxd5 cxd5 6. Qb3 Nc6 7. Qxb7 Bd7 8.
Qb3 e5 9. O-O e4 10. Ne1 Rb8 11. Qd1 h5 12. d3 h4 13. Nc3 hxg3 14. hxg3 d4 15.
Nxe4 Nxe4 16. dxe4 Qa5 17. f4 Qh5 18. Kf2 Bc5 19. Nd3 Nb4 20. Rh1 Nxd3+ 21.
exd3 Qxd1 22. Rxd1 Rc8 23. Bd2 O-O 24. Rac1 Ba4 25. b3 Bb5 26. Bh3 Rc6 27. Bd7
Rb6 28. Bxb5 Rxb5 29. a4 Rxb3 30. Rxc5 Rxd3 31. g4 Rb8 32. Rb5 Rc8 33. Ke2 Rh3
34. Rc1 d3+ 35. Kf2 Rh2+ 36. Ke3 Rh3+ 37. Kd4 Rd8+ 38. Rd5 Rb8 39. Bc3 Rb3 40.
Rd1 Ra3 41. a5 Ra4+ 42. Ke5 Rc4 43. R1xd3 f6+ 44. Kf5 Rxc3 45. Rxc3 Rxc3 46.
Kg6 Kf8 47. Rd7 Rf3 48. Rf7+ Ke8 49. f5 Rg3 50. Rxg7 Rxg4+ 51. Kxf6 Rxe4 52.
Rxa7 Kd8 53. Rb7 Kc8 54. Re7 Ra4 55. Re5 Kd7 56. Kf7 Kd6 57. Re6+ Kd7 58. a6
Kd8 59. Re8+ 1-0

[Event "SVM_Regionalliga_2023-24"]
[Site "?"]
[Date "2023.09.03"]
[Round "1.3"]
[White "Manay, Güven"]
[Black "Cnossen, Wiebe"]
[Result "0-1"]
[WhiteElo "1865"]
[BlackElo "2134"]
[PlyCount "60"]
[EventDate "2023.09.03"]
[WhiteTeam "Satranç Club 1"]
[BlackTeam "DJK Aufwärts Aachen 1"]

1. d4 d5 2. Bf4 Nf6 3. e3 c5 4. c3 Nc6 5. Nd2 e6 6. Bd3 Bd6 7. Bxd6 Qxd6 8. f4
cxd4 9. cxd4 Bd7 10. a3 Rc8 11. Nh3 Na5 12. Qe2 Ba4 13. O-O O-O 14. Nf3 Rc7 15.
b4 Nb3 16. Rae1 Rfc8 17. Qb2 Rc3 18. Nf2 Qc7 19. g4 Nc1 20. Bb1 Bb5 21. g5 Nd7
22. Ng4 Bxf1 23. Rxf1 Rb3 24. Bxh7+ Kxh7 25. g6+ fxg6 26. Qg2 Qc2 27. Qh3+ Kg8
28. Ng5 Nf8 29. Re1 Nd3 30. Rf1 Rb1 0-1

[Event "SVM_Regionalliga_2023-24"]
[Site "?"]
[Date "2023.09.03"]
[Round "1.4"]
[White "Dönitz, Christian"]
[Black "Schüler, Hans-Ulrich"]
[Result "1-0"]
[WhiteElo "1988"]
[BlackElo "1927"]
[PlyCount "49"]
[EventDate "2023.09.03"]
[WhiteTeam "DJK Aufwärts Aachen 1"]
[BlackTeam "Satranç Club 1"]

1. e4 d5 2. exd5 Qxd5 3. Nc3 Qd6 4. d4 Nf6 5. Nf3 Bg4 6. h3 Bh5 7. g4 Bg6 8.
Bg2 Nc6 9. a3 a6 10. d5 Ne5 11. Nh4 O-O-O 12. O-O h5 13. Nxg6 Nxg6 14. g5 Nd7
15. Ne4 Qb6 16. Be3 Qxb2 17. Qd2 Nb6 18. Rab1 Qe5 19. Bxb6 cxb6 20. f4 Qc7 21.
Rf3 Kb8 22. d6 Rxd6 23. Nxd6 exd6 24. Rc3 Qd7 25. Rxb6 1-0

[Event "SVM_Regionalliga_2023-24"]
[Site "?"]
[Date "2023.09.03"]
[Round "1.5"]
[White "Proba, Stefan"]
[Black "Mabillle, Natacha"]
[Result "1/2-1/2"]
[WhiteElo "1895"]
[BlackElo "1971"]
[PlyCount "70"]
[EventDate "2023.09.03"]
[WhiteTeam "Satranç Club 1"]
[BlackTeam "DJK Aufwärts Aachen 1"]

1. d4 d5 2. Nf3 Nf6 3. c4 c6 4. e3 e6 5. Nc3 Nbd7 6. Bd3 dxc4 7. Bxc4 b5 8. Bd3
a6 9. O-O Be7 10. Qe2 Bb7 11. e4 c5 12. e5 Nd5 13. Nxd5 Bxd5 14. Be4 Nb6 15.
Bxd5 Nxd5 16. dxc5 Bxc5 17. a3 Rc8 18. Bd2 O-O 19. Rac1 Qd7 20. h3 Be7 21. Rxc8
Rxc8 22. Rc1 Rxc1+ 23. Bxc1 Nb6 24. b3 Qc7 25. Bb2 Nd5 26. Qd2 h6 27. Kh1 Qc5
28. Kg1 Qc7 29. Kh1 a5 30. Qd3 b4 31. a4 Nc3 32. Kg1 Qc5 33. Kf1 Qc7 34. Kg1
Qc5 35. Kf1 Qc7 1/2-1/2

[Event "SVM_Regionalliga_2023-24"]
[Site "?"]
[Date "2023.09.03"]
[Round "1.6"]
[White "Deider, Kevin"]
[Black "Langen, Dirk"]
[Result "1-0"]
[WhiteElo "1970"]
[BlackElo "1759"]
[PlyCount "143"]
[EventDate "2023.09.03"]
[WhiteTeam "DJK Aufwärts Aachen 1"]
[BlackTeam "Satranç Club 1"]

1. e4 d6 2. d4 g6 3. Nc3 Bg7 4. f4 Nd7 5. Nf3 e6 6. Bc4 h6 7. h4 c6 8. h5 gxh5
9. f5 d5 10. Bd3 dxe4 11. Nxe4 Ndf6 12. fxe6 Bxe6 13. Nc5 Bg4 14. c3 b6 15. Nb3
Qd6 16. O-O Ne7 17. Qe1 O-O 18. Ne5 Rae8 19. Qh4 Ng6 20. Bxg6 fxg6 21. Nxg6 Rf7
22. Ne5 Rxe5 23. dxe5 Qxe5 24. Bf4 Qe2 25. Bxh6 Bxh6 26. Rxf6 Qe3+ 27. Kh1 Bg5
28. Rg6+ Rg7 29. Rxg7+ Kxg7 30. Qe1 Qxe1+ 31. Rxe1 Kf7 32. Nd4 c5 33. Nc6 Bd2
34. Re7+ Kf6 35. Rxa7 Ke6 36. Rb7 Kd6 37. Na7 Bd7 38. Rxb6+ Kc7 39. Rg6 Bf5 40.
Nb5+ Kb8 41. Rb6+ Ka8 42. Rc6 Be3 43. Ra6+ Kb7 44. Rf6 Bb1 45. Nd6+ Kc7 46. a4
Bg5 47. Nb5+ Kb7 48. Rf1 Bc2 49. Ra1 Bf4 50. Kg1 Kb6 51. Kf2 h4 52. Kf3 Bg3 53.
Na3 Bxa4 54. Nc4+ Kb5 55. Ne3 Bb3 56. Ra7 Be6 57. Rg7 Ka4 58. Rg5 c4 59. Rc5
Kb3 60. Rb5+ Ka2 61. Rb4 Bf7 62. Ke4 Bf2 63. Nxc4 Bc5 64. Ne5 Be6 65. Ra4+ Kb3
66. Ra6 Bc8 67. Rg6 Bb7+ 68. Kd3 Kxb2 69. Nc4+ Kc1 70. Ne3 Bxe3 71. Kxe3 Kc2
72. Kd4 1-0

[Event "SVM_Regionalliga_2023-24"]
[Site "?"]
[Date "2023.09.03"]
[Round "1.7"]
[White "Rublack, Valentin"]
[Black "Klinkhammer, Matthias"]
[Result "1/2-1/2"]
[WhiteElo "1647"]
[BlackElo "1894"]
[PlyCount "85"]
[EventDate "2023.09.03"]
[WhiteTeam "Satranç Club 1"]
[BlackTeam "DJK Aufwärts Aachen 1"]

1. e4 e5 2. Nf3 Nf6 3. Nxe5 d6 4. Nf3 Nxe4 5. d4 d5 6. Bd3 Be7 7. O-O O-O 8.
Re1 Nd6 9. Nc3 c6 10. h3 Bf5 11. Bxf5 Nxf5 12. Qd3 g6 13. Bf4 Na6 14. Re2 Nc7
15. Rae1 Ne6 16. Be5 Bf6 17. Nd1 Bxe5 18. Rxe5 Nd6 19. Nd2 Qh4 20. c3 Rae8 21.
Qf3 Kg7 22. Ne3 Qf6 23. Qxf6+ Kxf6 24. g3 Kg7 25. Ng4 h5 26. Nh2 Ng5 27. Kg2
Nge4 28. Rxe8 Rxe8 29. Nxe4 Rxe4 30. Rxe4 Nxe4 31. f3 Nd6 32. Nf1 Nc4 33. b3
Nd6 34. Ne3 Nb5 35. Nd1 Kf6 36. a4 Nd6 37. Kf2 g5 38. Ke2 Kg6 39. Nf2 a5 40.
Nd3 f6 41. Nc5 Kf7 42. Nd3 Ke7 43. Ke3 1/2-1/2

[Event "SVM_Regionalliga_2023-24"]
[Site "?"]
[Date "2023.09.03"]
[Round "1.8"]
[White "Hennicken, Reinhard"]
[Black "Khachatryan, Artur"]
[Result "1-0"]
[WhiteElo "1952"]
[BlackElo "1770"]
[PlyCount "107"]
[EventDate "2023.09.03"]
[WhiteTeam "DJK Aufwärts Aachen 1"]
[BlackTeam "Satranç Club 1"]

1. e4 e6 2. d4 d5 3. Nd2 Nf6 4. e5 Nfd7 5. Bd3 c5 6. c3 Nc6 7. Ndf3 Be7 8. Ne2
b6 9. O-O Bb7 10. Re1 Qc7 11. dxc5 Ndxe5 12. Nxe5 Nxe5 13. cxb6 Qxb6 14. Be3
Bc5 15. Bxc5 Qxc5 16. Nd4 Nxd3 17. Qxd3 O-O 18. Re5 Rae8 19. Rae1 Qb6 20. Rh5
f5 21. Qh3 h6 22. b3 Bc8 23. Qg3 e5 24. Rxe5 f4 25. Qf3 Qg6 26. Qxd5+ Kh7 27.
h3 Rxe5 28. Rxe5 Qb1+ 29. Kh2 Qxa2 30. Qe4+ Kg8 31. Re7 Qxf2 32. Qg6 Qg3+ 33.
Qxg3 fxg3+ 34. Kxg3 a6 35. b4 Kh7 36. Rc7 Rd8 37. Kf4 Kg6 38. Nc6 Rf8+ 39. Ke5
Bf5 40. g4 Bd3 41. h4 Re8+ 42. Kd4 Be2 43. Ne5+ Kh7 44. g5 h5 45. c4 Rf8 46.
Ke4 Rb8 47. Rc6 Bd1 48. g6+ Kg8 49. Rxa6 Bc2+ 50. Kd4 Rd8+ 51. Kc5 Kf8 52. Ra7
Re8 53. Kd6 Bf5 54. Rf7+ 1-0

[Event "SVM_Regionalliga_2023-24"]
[Site "?"]
[Date "2023.09.03"]
[Round "1.1"]
[White "Riemland, Arnold"]
[Black "Radler, Alexander"]
[Result "1-0"]
[WhiteElo "2180"]
[BlackElo "1677"]
[PlyCount "55"]
[EventDate "2023.09.03"]
[WhiteTeam "SG Kalker/Deutzer 1"]
[BlackTeam "Eschweiler SC 1"]

1. d4 Nf6 2. Bf4 d5 3. e3 c5 4. Nf3 Nc6 5. c3 Qb6 6. b3 cxd4 7. exd4 Bf5 8. Bd3
Bxd3 9. Qxd3 Ne4 10. O-O e6 11. Nbd2 Nxd2 12. Qxd2 Rc8 13. c4 Bb4 14. Qd3 Ne7
15. c5 Qa6 16. Qxa6 bxa6 17. a3 Ba5 18. b4 Bc7 19. Bxc7 Rxc7 20. a4 f6 21. b5
Kd7 22. Rfb1 g5 23. Kf1 g4 24. Ne1 Nf5 25. Nc2 e5 26. Ne3 Ke6 27. b6 axb6 28.
Rxb6+ 1-0

[Event "SVM_Regionalliga_2023-24"]
[Site "?"]
[Date "2023.09.03"]
[Round "1.2"]
[White "Schüller, Tobias"]
[Black "Lunnebach, Oliver"]
[Result "0-1"]
[WhiteElo "1908"]
[BlackElo "2149"]
[PlyCount "90"]
[EventDate "2023.09.03"]
[WhiteTeam "Eschweiler SC 1"]
[BlackTeam "SG Kalker/Deutzer 1"]

1. e4 c5 2. Nc3 Nc6 3. g3 g6 4. Bg2 Bg7 5. d3 d6 6. f4 e6 7. Nf3 Nge7 8. O-O a6
9. a4 Rb8 10. Be3 Nd4 11. Rb1 Nec6 12. Ne2 Qa5 13. b3 O-O 14. Bd2 Qc7 15. c3
Nxe2+ 16. Qxe2 b5 17. axb5 axb5 18. Rfc1 Qb6 19. Be3 b4 20. c4 Bb7 21. Qf2 Rfd8
22. e5 Bf8 23. d4 dxe5 24. dxe5 Nd4 25. Rd1 Be4 26. Rb2 Nxb3 27. Rxd8 Qxd8 28.
Nd2 Bxg2 29. Nxb3 Bh3 30. Rd2 Qc8 31. Bxc5 Ra8 32. Bxf8 Qxc4 33. Qf3 Rxf8 34.
g4 Bxg4 35. Qxg4 Qxb3 36. Qg3 Qb1+ 37. Kf2 b3 38. Qc3 Qh1 39. Kg3 Qe1+ 40. Kg2
Kg7 41. Qd3 Rb8 42. Rb2 Rb4 43. Rf2 b2 44. Qd8 Qe4+ 45. Rf3 Qf5 0-1

[Event "SVM_Regionalliga_2023-24"]
[Site "?"]
[Date "2023.09.03"]
[Round "1.3"]
[White "Gerdau, Andreas"]
[Black "Kaluza, Josef"]
[Result "1/2-1/2"]
[WhiteElo "1896"]
[BlackElo "2032"]
[PlyCount "67"]
[EventDate "2023.09.03"]
[WhiteTeam "SG Kalker/Deutzer 1"]
[BlackTeam "Eschweiler SC 1"]

1. e4 e6 2. d4 b6 3. Bd3 Bb7 4. Ne2 Nf6 5. Nd2 d5 6. e5 Ne4 7. O-O f5 8. exf6
Qxf6 9. c4 Ng5 10. f4 Nf7 11. cxd5 exd5 12. Nf3 Bd6 13. Ne5 O-O 14. Be3 c5 15.
Ng3 cxd4 16. Bxd4 Bc5 17. Bxc5 bxc5 18. Qc2 g6 19. Qxc5 Rc8 20. Qe3 Re8 21. Bb5
Re7 22. Rae1 Nxe5 23. fxe5 Qb6 24. a4 Ba6 25. Qxb6 axb6 26. Rf6 Bxb5 27. axb5
Nd7 28. Rd6 Nxe5 29. Rc1 Nd3 30. Rb1 Rf8 31. Rxd5 Nxb2 32. h3 Nc4 33. Rc1 Rf4
34. Rd8+ 1/2-1/2

[Event "SVM_Regionalliga_2023-24"]
[Site "?"]
[Date "2023.09.03"]
[Round "1.4"]
[White "Spies, Ulrich"]
[Black "Schwark, Mario"]
[Result "0-1"]
[WhiteElo "1866"]
[BlackElo "1846"]
[PlyCount "118"]
[EventDate "2023.09.03"]
[WhiteTeam "Eschweiler SC 1"]
[BlackTeam "SG Kalker/Deutzer 1"]

1. e4 e6 2. d4 d5 3. exd5 exd5 4. Nf3 Nf6 5. Bd3 Bg4 6. O-O Be7 7. h3 Bh5 8.
Bf4 O-O 9. Nbd2 Nc6 10. c3 Bd6 11. Bxd6 Qxd6 12. Qc2 Qf4 13. g3 Qd6 14. Rae1
Rae8 15. Rxe8 Rxe8 16. Re1 Rxe1+ 17. Nxe1 Qe6 18. Nef3 Bxf3 19. Nxf3 Qxh3 20.
Bf1 Qh5 21. Bg2 Qg6 22. Qxg6 hxg6 23. Nd2 Kf8 24. Kf1 Ke7 25. Ke2 Kd6 26. Kd3
b5 27. b3 a5 28. Bf3 g5 29. g4 g6 30. Be2 Nd7 31. c4 bxc4+ 32. bxc4 Nb4+ 33.
Ke3 Nxa2 34. cxd5 a4 35. Bc4 Nb4 36. Ne4+ Ke7 37. Kd2 Nb6 38. Kc3 N4xd5+ 39.
Bxd5 Nxd5+ 40. Kc4 Nb6+ 41. Kd3 f6 42. Nc3 c6 43. f3 Ke6 44. Ne2 Nd5 45. Kc2 f5
46. gxf5+ gxf5 47. Kb2 g4 48. fxg4 fxg4 49. Ka3 Nb6 50. Kb4 Kd5 51. Ka5 a3 52.
Kxb6 a2 53. Nc3+ Kxd4 54. Nxa2 c5 55. Kb5 c4 56. Kb4 g3 57. Nc3 Kd3 58. Nd5 Kd2
59. Nf4 c3 0-1

[Event "SVM_Regionalliga_2023-24"]
[Site "?"]
[Date "2023.09.03"]
[Round "1.5"]
[White "Arlt, Klaus"]
[Black "Singh, Marcel"]
[Result "1-0"]
[WhiteElo "1917"]
[BlackElo "1794"]
[PlyCount "85"]
[EventDate "2023.09.03"]
[WhiteTeam "SG Kalker/Deutzer 1"]
[BlackTeam "Eschweiler SC 1"]

1. d4 d6 2. Nf3 Nd7 3. c4 e5 4. e4 Ngf6 5. Nc3 c6 6. Be2 Be7 7. O-O O-O 8. Qc2
Qc7 9. b3 Re8 10. d5 cxd5 11. exd5 a6 12. a4 b6 13. b4 Bb7 14. Rd1 Rac8 15. Qb3
e4 16. Nd2 Bf8 17. Nf1 Ne5 18. Bg5 Nxc4 19. Bxf6 gxf6 20. Bg4 e3 21. Bxc8 exf2+
22. Kxf2 Qxc8 23. Ng3 Bh6 24. Nce4 Be3+ 25. Ke1 Kf8 26. Qc3 Re5 27. Rd3 f5 28.
Rxe3 Nxe3 29. Qxe3 fxe4 30. Rc1 Qd8 31. Rc2 Qg5 32. Qxb6 Bxd5 33. Qxd6+ Kg7 34.
Rc8 Be6 35. Qf8+ Kg6 36. Qg8+ Kh6 37. Qxg5+ Kxg5 38. Rc6 a5 39. b5 Bb3 40. b6
Bxa4 41. b7 Rb5 42. Rc5+ Rxc5 43. Nxe4+ 1-0

[Event "SVM_Regionalliga_2023-24"]
[Site "?"]
[Date "2023.09.03"]
[Round "1.6"]
[White "Wilhelm, Oliver"]
[Black "Tbaila, Ralph"]
[Result "1/2-1/2"]
[WhiteElo "1876"]
[BlackElo "1855"]
[PlyCount "91"]
[EventDate "2023.09.03"]
[WhiteTeam "Eschweiler SC 1"]
[BlackTeam "SG Kalker/Deutzer 1"]

1. e4 e5 2. Nf3 Nc6 3. Bc4 Nf6 4. d3 Be7 5. O-O d6 6. Bg5 Na5 7. Bb5+ c6 8. Ba4
b5 9. Bb3 Nxb3 10. axb3 Bg4 11. Nbd2 h6 12. Bh4 Nh7 13. Bg3 Ng5 14. h3 Bh5 15.
Qe1 Nxf3+ 16. Nxf3 Bxf3 17. gxf3 Bg5 18. Qc3 c5 19. Ra6 b4 20. Qc4 Qf6 21. Qb5+
Kf8 22. Qc6 Rd8 23. Kg2 Kg8 24. Rxa7 h5 25. Ra8 Rxa8 26. Qxa8+ Kh7 27. Qc6 h4
28. Bh2 Kg6 29. Qd7 Rh5 30. Qg4 Kh6 31. Rg1 Bd2 32. Kf1 g6 33. Ke2 Bg5 34. Qc8
Kg7 35. Ra1 Rh8 36. Qg4 Bh6 37. Rg1 Ra8 38. f4 exf4 39. Kf3 Ra2 40. Bxf4 Rxb2
41. Ke3 Qd4+ 42. Kf3 Bxf4 43. Qxf4 Rxc2 44. Qxh4 Qxd3+ 45. Kf4 Re2 46. Rxg6+
1/2-1/2

[Event "SVM_Regionalliga_2023-24"]
[Site "?"]
[Date "2023.09.03"]
[Round "1.7"]
[White "Asselborn, Jürgen"]
[Black "Bieberle, Gerhart"]
[Result "1/2-1/2"]
[WhiteElo "1859"]
[BlackElo "1779"]
[PlyCount "108"]
[EventDate "2023.09.03"]
[WhiteTeam "SG Kalker/Deutzer 1"]
[BlackTeam "Eschweiler SC 1"]

1. Nf3 d5 2. g3 Nf6 3. Bg2 Nc6 4. O-O e5 5. d3 Be7 6. Nbd2 O-O 7. c4 d4 8. a3
a5 9. b3 Re8 10. Rb1 Bf8 11. Qc2 Rb8 12. h3 Bd7 13. Bb2 b6 14. Rbd1 Na7 15. e3
c5 16. e4 Nc6 17. Nh4 Bd6 18. Nf5 Qc7 19. Nxd6 Qxd6 20. Nf3 h6 21. Nh4 g5 22.
Nf5 Bxf5 23. exf5 Ne7 24. Be4 Nxe4 25. dxe4 f6 26. Bc1 Kh7 27. Rd3 Rg8 28. h4
Rg7 29. hxg5 fxg5 30. Kg2 Rh8 31. Rh1 Kg8 32. Kf1 Kf8 33. Qe2 Ng8 34. f4 gxf4
35. gxf4 Re7 36. Rh4 Qc6 37. fxe5 Rxe5 38. Bf4 Qf6 39. Bxe5 Qxe5 40. Qh2 Qf6
41. Rg4 Ne7 42. e5 Qc6 43. Qg2 Qxg2+ 44. Kxg2 Kf7 45. Rf3 h5 46. Rh4 Nc6 47.
Re4 Re8 48. e6+ Kf6 49. Rh4 Ne5 50. Rxh5 Nxf3 51. Kxf3 Ke5 52. Ke2 Kf6 53. Kd3
Ke5 54. Ke2 Kf6 1/2-1/2

[Event "SVM_Regionalliga_2023-24"]
[Site "?"]
[Date "2023.09.03"]
[Round "1.8"]
[White "Rinner, Stefan"]
[Black "Bill, Oliver"]
[Result "1-0"]
[WhiteElo "1696"]
[BlackElo "1688"]
[PlyCount "57"]
[EventDate "2023.09.03"]
[WhiteTeam "Eschweiler SC 1"]
[BlackTeam "SG Kalker/Deutzer 1"]

1. c4 e5 2. Nc3 Nf6 3. g3 Be7 4. Bg2 Nc6 5. e3 d6 6. Nge2 Be6 7. Nd5 e4 8. Nec3
O-O 9. O-O Ne5 10. Nxf6+ Bxf6 11. Bxe4 Bxc4 12. d4 Nc6 13. Bd3 Bxd3 14. Qxd3 g6
15. a3 Ne7 16. b4 c5 17. Ne4 Bg7 18. bxc5 dxc5 19. Nxc5 b6 20. Ne4 f5 21. Qb3+
Nd5 22. Nc3 Kh8 23. Nxd5 h5 24. Nf4 Qf6 25. Qe6 Qg5 26. Nxg6+ Kh7 27. Nxf8+
Rxf8 28. e4 h4 29. Bxg5 1-0

[Event "SVM_Regionalliga_2023-24"]
[Site "?"]
[Date "2023.09.03"]
[Round "1.1"]
[White "Bosbach, Stefan"]
[Black "Mainka, Alwin"]
[Result "0-1"]
[WhiteElo "2010"]
[BlackElo "2163"]
[PlyCount "104"]
[EventDate "2023.09.03"]
[WhiteTeam "Bergische SF 1"]
[BlackTeam "Arminia Eilendorf 1"]

1. Nf3 Nf6 2. g3 d6 3. d4 Bd7 4. Bg2 Qc8 5. Nc3 Bh3 6. O-O Bxg2 7. Kxg2 g6 8.
e4 Bg7 9. e5 dxe5 10. dxe5 Ng4 11. Re1 O-O 12. h3 Nh6 13. Bg5 Nc6 14. Qc1 Nf5
15. g4 Nfd4 16. Nxd4 Nxd4 17. Re4 Nc6 18. Bh6 Rd8 19. Bxg7 Kxg7 20. Qe3 a5 21.
Re1 Nb4 22. Re2 Qe6 23. a3 Nd5 24. Qg3 Qc6 25. Nxd5 Rxd5 26. Qf3 Rad8 27. Rf4
Qe6 28. c4 Rd4 29. b3 b6 30. Rxd4 Rxd4 31. Re4 Qd7 32. Re3 a4 33. bxa4 Rxc4 34.
e6 fxe6 35. Qg3 Qd5+ 36. Kh2 Kf7 37. Rd3 Qe4 38. Re3 Qc6 39. Qh4 Qd6+ 40. Kg2
Kg7 41. Rd3 Qc5 42. Re3 Rxa4 43. Kh2 Qd6+ 44. Kg2 Rxa3 45. Rxa3 Qxa3 46. g5 Qd6
47. Qh6+ Kg8 48. h4 Qd5+ 49. Kg1 Qd1+ 50. Kg2 Qg4+ 51. Kf1 c5 52. h5 Qxh5 0-1

[Event "SVM_Regionalliga_2023-24"]
[Site "?"]
[Date "2023.09.03"]
[Round "1.2"]
[White "Souren, Jürgen"]
[Black "Gelsok, Philipp"]
[Result "1-0"]
[WhiteElo "2138"]
[BlackElo "2017"]
[PlyCount "55"]
[EventDate "2023.09.03"]
[WhiteTeam "Arminia Eilendorf 1"]
[BlackTeam "Bergische SF 1"]

1. g3 d5 2. Bg2 Nf6 3. d3 c5 4. f4 Nc6 5. Nf3 Qd6 6. Nc3 a6 7. O-O Bg4 8. h3
Bxf3 9. Bxf3 O-O-O 10. a3 h5 11. Rb1 g5 12. fxg5 Qxg3+ 13. Bg2 e5 14. Rxf6 Be7
15. Rf3 Qh4 16. Be3 d4 17. Bf2 Qxg5 18. Nd5 e4 19. Nxe7+ Qxe7 20. dxe4 Rhg8 21.
Qd2 Ne5 22. Rg3 h4 23. Rxg8 Rxg8 24. Qf4 Nc4 25. Kh1 Ne3 26. Bxe3 dxe3 27. Bf3
f5 28. exf5 1-0

[Event "SVM_Regionalliga_2023-24"]
[Site "?"]
[Date "2023.09.03"]
[Round "1.3"]
[White "Harringer, Manfred"]
[Black "Sassenscheidt, Frank"]
[Result "1/2-1/2"]
[WhiteElo "1995"]
[BlackElo "1976"]
[PlyCount "50"]
[EventDate "2023.09.03"]
[WhiteTeam "Bergische SF 1"]
[BlackTeam "Arminia Eilendorf 1"]

1. e4 e6 2. d4 d5 3. Nd2 Be7 4. Bd3 Nf6 5. e5 Nfd7 6. c3 c5 7. Ne2 Nc6 8. O-O
Qb6 9. Nf3 O-O 10. Re1 cxd4 11. cxd4 f5 12. exf6 Nxf6 13. Nf4 Nd8 14. Bb1 Bd6
15. Ne5 Nc6 16. Nxc6 Qxc6 17. Nh5 Qc7 18. Nxf6+ Rxf6 19. Qh5 h6 20. Bd2 Qf7 21.
Qxf7+ Kxf7 22. Bd3 Bd7 23. Rac1 Rc8 24. Rxc8 Bxc8 25. g3 g5 1/2-1/2

[Event "SVM_Regionalliga_2023-24"]
[Site "?"]
[Date "2023.09.03"]
[Round "1.4"]
[White "Tipp, Alexander"]
[Black "Weiser, Hans-Josef"]
[Result "0-1"]
[WhiteElo "1847"]
[BlackElo "1976"]
[PlyCount "80"]
[EventDate "2023.09.03"]
[WhiteTeam "Arminia Eilendorf 1"]
[BlackTeam "Bergische SF 1"]

1. e4 c5 2. Nf3 d6 3. d4 cxd4 4. Nxd4 Nf6 5. Nc3 a6 6. Bc4 e6 7. Bb3 b5 8. Bg5
Be7 9. Qf3 Qc7 10. e5 Bb7 11. exd6 Bxd6 12. Qe3 O-O 13. Bxf6 gxf6 14. Nde2 Nd7
15. Ne4 Be7 16. O-O-O f5 17. Ng5 Nc5 18. h4 Rac8 19. Kb1 Bf6 20. Rd2 Nxb3 21.
Qxb3 Bd5 22. Qe3 Rfd8 23. Rhd1 Qa5 24. Nc1 Qb4 25. Nd3 Qxh4 26. f4 Bc4 27. g3
Qh5 28. Qg1 Qg6 29. Ne5 Qg7 30. Ngxf7 Rxd2 31. Rxd2 Bd5 32. Rh2 Rc7 33. Nh6+
Kf8 34. g4 Bxe5 35. fxe5 Qxe5 36. Rf2 Rg7 37. Qd1 Qe3 38. Rh2 fxg4 39. b3 g3
40. Rh3 Qg5 0-1

[Event "SVM_Regionalliga_2023-24"]
[Site "?"]
[Date "2023.09.03"]
[Round "1.5"]
[White "Heckötter, Christian"]
[Black "Alms, Frithjof"]
[Result "1/2-1/2"]
[WhiteElo "1967"]
[BlackElo "1811"]
[PlyCount "103"]
[EventDate "2023.09.03"]
[WhiteTeam "Bergische SF 1"]
[BlackTeam "Arminia Eilendorf 1"]

1. d4 c6 2. Nf3 d5 3. e3 Nf6 4. c4 dxc4 5. Bxc4 Nbd7 6. O-O Nb6 7. Bb3 Bf5 8.
Nc3 e6 9. Re1 Be7 10. h3 O-O 11. Nh4 Be4 12. Nxe4 Nxe4 13. Nf3 Rc8 14. Bc2 Nf6
15. Bd2 c5 16. Rc1 cxd4 17. Nxd4 Qd7 18. Bb1 Rxc1 19. Bxc1 Rd8 20. Qe2 Bb4 21.
Rf1 Bc5 22. Nb3 Be7 23. e4 e5 24. Be3 Qe6 25. Nc5 Bxc5 26. Bxc5 Rc8 27. Be3 a6
28. b3 Nbd7 29. Rc1 Rxc1+ 30. Bxc1 Qc6 31. Qc2 Qxc2 32. Bxc2 Kf8 33. Ba3+ Ke8
34. Kf1 Kd8 35. Ke2 Kc7 36. Ke3 Ne8 37. g3 f6 38. f4 Nd6 39. Bb2 Nf7 40. f5 h6
41. h4 b5 42. Bc3 Kb6 43. b4 Kc6 44. Kd3 Nb6 45. Bb3 Nd6 46. Bd2 Nbc4 47. Bc1
Kd7 48. g4 Ke7 49. g5 hxg5 50. hxg5 Kf8 51. gxf6 gxf6 52. Bd1 1/2-1/2

[Event "SVM_Regionalliga_2023-24"]
[Site "?"]
[Date "2023.09.03"]
[Round "1.6"]
[White "Mainka, Ingmar"]
[Black "Thelen, Harm-Wulf"]
[Result "1-0"]
[WhiteElo "1850"]
[BlackElo "1957"]
[PlyCount "75"]
[EventDate "2023.09.03"]
[WhiteTeam "Arminia Eilendorf 1"]
[BlackTeam "Bergische SF 1"]

1. e4 e6 2. d4 d5 3. Nc3 Bb4 4. e5 Ne7 5. a3 Bxc3+ 6. bxc3 c5 7. Nf3 Bd7 8. Bd3
Ba4 9. O-O Nbc6 10. Re1 Qc7 11. Ng5 cxd4 12. Qh5 g6 13. Qf3 Nf5 14. g4 Nxe5 15.
Qf4 O-O-O 16. gxf5 Nxd3 17. Qxc7+ Kxc7 18. cxd3 gxf5 19. cxd4 Rhg8 20. Bf4+ Kd7
21. Kh1 Rg7 22. Rac1 Bc6 23. Rg1 f6 24. Nf3 Rdg8 25. Rxg7+ Rxg7 26. Rg1 Rg4 27.
Bb8 e5 28. Rxg4 fxg4 29. Ne1 e4 30. Bxa7 f5 31. Bb8 Bb5 32. dxe4 fxe4 33. Kg2
Ke6 34. Kg3 Kf5 35. Ng2 h5 36. Ne3+ Ke6 37. Kh4 Be8 38. Kg5 1-0

[Event "SVM_Regionalliga_2023-24"]
[Site "?"]
[Date "2023.09.03"]
[Round "1.7"]
[White "Gutt, Oswald"]
[Black "Kühnert, Sven"]
[Result "1-0"]
[WhiteElo "1813"]
[BlackElo "1799"]
[PlyCount "45"]
[EventDate "2023.09.03"]
[WhiteTeam "Bergische SF 1"]
[BlackTeam "Arminia Eilendorf 1"]

1. Nf3 d5 2. e3 c5 3. c4 d4 4. exd4 cxd4 5. d3 Nc6 6. g3 Bg4 7. Bg2 e5 8. O-O
f5 9. Qa4 Bxf3 10. Bxf3 Qc7 11. b4 Kf7 12. c5 g6 13. Qb3+ Kg7 14. Na3 a6 15.
Nc4 Nf6 16. Bg5 Be7 17. Rae1 h6 18. Bxf6+ Bxf6 19. Nd6 b6 20. Bxc6 Ra7 21. Ne8+
Rxe8 22. Bxe8 b5 23. c6 1-0

[Event "SVM_Regionalliga_2023-24"]
[Site "?"]
[Date "2023.09.03"]
[Round "1.8"]
[White "Mainka, Irmin"]
[Black "Müller, Andreas"]
[Result "0-1"]
[WhiteElo "1798"]
[BlackElo "1775"]
[PlyCount "100"]
[EventDate "2023.09.03"]
[WhiteTeam "Arminia Eilendorf 1"]
[BlackTeam "Bergische SF 1"]

1. e4 c5 2. Nf3 Nc6 3. d4 cxd4 4. Nxd4 Nf6 5. Nc3 d6 6. Be2 e5 7. Nb3 Be7 8.
Be3 Be6 9. O-O O-O 10. f4 d5 11. exd5 Nxd5 12. Nxd5 Bxd5 13. c4 Be4 14. fxe5
Bg5 15. Qc1 Be7 16. Rf4 Bg6 17. Nd4 Nxe5 18. Nf5 Bxf5 19. Rxf5 Nc6 20. Rd5 Qe8
21. Bg4 Nb4 22. Rd1 Bf6 23. Bc5 Be7 24. Qe3 Bxc5 25. Qxc5 Nc2 26. Rac1 Qe3+ 27.
Qxe3 Nxe3 28. Rd4 Nxg4 29. Rxg4 Rfc8 30. Rd4 Rc7 31. Rcd1 g6 32. b3 h5 33. Kf2
Re8 34. Rd7 Re7 35. Rxc7 Rxc7 36. Rd5 Re7 37. h3 Kf8 38. Rd8+ Kg7 39. Ra8 a6
40. Rd8 h4 41. Rd4 g5 42. a4 Kg6 43. b4 Kf5 44. b5 axb5 45. axb5 b6 46. Kf3 Re1
47. Rd5+ Re5 48. g4+ hxg3 49. Rxe5+ Kxe5 50. Kxg3 f5 0-1